000 00719nam a2200289Ia 4500
005 20260324114932.0
008 008 260324s9999 xx 000 0 eng d
020 _a9780429356674
037 _aEBOOK
040 _aCRL
040 _beng
040 _cCRL
041 _2eng
041 _aeng
084 _qCRL
100 _aJeffery Daigrepont, EFPM, CAPPM
_91152729
245 0 _aBeyond EHR
245 0 _bUsing Technology to Meet Growing Demands and Deliver Better Patient Care
260 _bTaylor and Francis
260 _c2020
365 _a
365 _b220
856 _uhttp://www.taylorfrancis.com/books/9780429356674
942 _cEBOOK
999 _c1743221
_d1743221